00342nam a2200133Ia 4500008004100000041001200041082001100053100001500064245006100079260003700140300000800177650000700185700001600192221030s9999 xx 000 0 und d aEnglish a105.23 aM. L. Soni 2aA course in Electrical Powercby M. L. Soni, P. V. Gupta bDhanpat Rai PubaNew Delhic1994 a812 aEE aP. V. Gupta